| LEADER |
01197nam0a2200217 450 |
| 001 |
16836872 |
| 010 |
|
|
|a 978-2205-08916-5
|b rel.
|d 16,5
|
| 100 |
|
|
|a 20210514d2021 u u0frey01 ba
|
| 101 |
0 |
|
|a fre
|
| 102 |
|
|
|a FR
|
| 200 |
0 |
|
|a jardin secret (Le)
|f scénario, dessin et couleur : Maud Begon
|g d'après Frances H. Burnett
|
| 207 |
|
1 |
|a
|
| 210 |
|
|
|a Paris
|c Dargaud éditeur
|d 2021
|
| 215 |
|
|
|a 1 vol. (95 p.)
|c ill. en coul.
|d 30 cm
|
| 330 |
|
|
|a Après la mort de ses parents en Inde, Mary, petite fille renfermée, désagréable et malingre, est recueillie par un oncle toujours absent dans un sombre et étrange manoir perdu sur la lande anglaise. Là, elle va s'ouvrir à la vie et changer grâce à la recherche d'un jardin mystérieux, la rencontre d'un premier ami, jusqu'à se transformer tant physiquement que moralement. Un magnifique roman d'éveil et une ode à la nature et l'amitié.
|
| 461 |
|
0 |
|t Le jardin secret
|v 1
|
| 700 |
|
0 |
|a Begon
|b Maud
|f 1987-....
|4 70
|
| 702 |
|
0 |
|a Burnett
|b Frances Hodgson
|f 1849-1924
|4 100
|
| 900 |
|
|
|a Bande Dessinée enfant ado
|
| 901 |
|
|
|a Accessible au prêt
|
| 995 |
|
|
|a Bibliothèque
|c Bibliothèque
|f 024021507
|h 024021507
|k BD BEG
|o p
|q j
|r az
|e Bibliothèque
|